Electronic circuits and applications / (Record no. 9925)

000 -LEADER
fixed length control field 00446 a2200157 4500
020 ## - INTERNATIONAL STANDARD BOOK NUMBER
International Standard Book Number 0070249318
082 00 - DEWEY DECIMAL CLASSIFICATION NUMBER
Classification number 621.38153
090 ## - LOCALLY ASSIGNED LC-TYPE CALL NUMBER (OCLC); LOCAL CALL NUMBER (RLIN)
-- 6091
-- 6091
100 1# - MAIN ENTRY--PERSONAL NAME
Personal name Grob, Bernard.
245 10 - TITLE STATEMENT
Title Electronic circuits and applications /
Statement of responsibility, etc. Bernard Grob.
260 ## - PUBLICATION, DISTRIBUTION, ETC.
Place of publication, distribution, etc. New York :
Name of publisher, distributor, etc. Gregg Division, McGraw-Hill,
Date of publication, distribution, etc. c1982.
300 ## - PHYSICAL DESCRIPTION
Extent x, 468 p. :
Other physical details ill. ;
Dimensions 24 cm.
500 ## - GENERAL NOTE
General note Includes index.
650 #0 - SUBJECT ADDED ENTRY--TOPICAL TERM
Topical term or geographic name entry element Electronic circuits.
942 ## - ADDED ENTRY ELEMENTS (KOHA)
Koha item type Book
Call number prefix 621.38153 GRO
Holdings
Withdrawn status Lost status Damaged status Not for loan Permanent Location Current Location Total Checkouts Full call number Barcode Date last seen Price effective from Koha item type
        Central Library (CL) Central Library (CL)   621.38153 GRO SEECSD00307 11/14/2012 11/14/2012 Book
© 2023 Central Library, National University of Sciences and Technology. All Rights Reserved.